Les 10 Meilleurs Buteurs Du Fc Barcelone Depuis 1970 - Statistiques

Statistiques générales
  • Ce quiz a été pris 236 fois
    89 depuis la dernière actualisation
  • Le résultat moyen est 7 sur 10
Statistiques - réponses
Ordre Poste Nationalité Joueur Nombre
De Buts
Nombre de Matchs
Joués avec le club
Saisons % Correct
1 A Argentine LionelMessi 672 778 2004 - 2021
100%
2 A Uruguay LuisSuarez 195 283 2014 - 2020
96%
3 A Cameroun Samuel Eto'o 130 199 2004 - 2009
96%
9 A Brésil Neymar 105 186 2013 - 2017
93%
6 A Pologne RobertLewandowski 117 183 2022 -
89%
4 M Brésil Rivaldo 130 235 1997 - 2002
70%
7 A Bulgarie HristoStoichkov 117 255 1990 - 1995 1996 - 1998
59%
5 A Pays - Bas PatrickKluivert 122 257 1998 - 2004
46%
8 M Espagne LuisEnrique 108 300 1996 - 2004
23%
10 M Espagnol Juan ManuelAsensi 101 397 1970 - 1981
0%
Aucun quiz correspondant
Distribution des résultats
% des personnes avec chaque résultat
Percentile par nombre de réponses
Votre historique - résultats
Vous n’avez pas pris ce quiz depuis la dernière actualisation